Direction Vocabulary Words in Spanish - Statistics

General Stats
  • This quiz has been taken 6,976 times
  • The average score is 9 of 10
Answer Stats
Español English % Correct
izquierda left
97%
norte north
97%
derecha right
97%
sur south
95%
oeste west
93%
este east
92%
abajo down
82%
arriba up
81%
atras back
63%
derecho straight
62%
No matching quizzes found
Score Distribution
Percent of People with Each Score
Percentile by Number Answered
Your Score History
You have not taken this quiz